1874 1793 1630 1139 1819 1824 1012 1447 1426 1013 1279 1908 1273 1897 1225 1519 1459 1467 1205 1196 1899 1645 1765 1467 1946 1652 1980 1144 1502 1686 1197 1826 1517 1745 1899 1747 1962 1709 1485 1918 1657 1655 1129 1889 1841 1358 1779 1694 1477 1018 1380 1172 1157 1067 1057 1071 1554 1350 1526 1315 1813 1405 1858 1889 1538 1710 1673 1259 1763 1471 1311 1533 1270 1548 1121 1163 1537 1527 1668 1730 1323 1123 1320 1825 1709 1903 1840 1885 1319 1907 1296 1375 1639 1228 1318 1512 1397 1636 1017 BCNSPRNW ULIB Ver.6.0+V

เปลี่ยนเป็นภาษาไทย

Change to English
 แสดงรายละเอียดบรรณานุกรม
  กลับหน้าหลัก

Brief Record : Get Marc (ISO 2709) : E-mail record : QR code < ปิดหน้าต่าง
LEADER : 00000nam a2200000Ia 4500
001    13399114814
003     ULIB
008    011002s2554 th 000 0 tha d
060 04 ^aWY16^bป349ป
111 2  ^aประมวลการประชุมพยาบาลศาสตร์ศึกษาแห่งชาติ ครั้งที่ 5
245 10 ^aประมวลการประชุมพยาบาลศาสตร์ศึกษาแห่งชาติ ครั้งที่ 5 เรื่อง การจัดการศึกษา ระดับบัณฑิตศึกษา สาขาพยาบาลศาสตร์ เพื่อตอบสนองความต้องการของสังคม ^cสภาการพยาบาล วันที่ 24-26 สิงหาคม 2554 ณ สถาบันวิจัยจุฬาภรณ์ กรุงเทพมหานคร
246 30 ^aารจัดการศึกษา ระดับบัณฑิตศึกษา สาขาพยาบาลศาสตร์ เพื่อตอบสนองความต้องการของสังคม
260    ^aกรุงเทพฯ :^bสภาการพยาบาล} ^c2554
300    ^a80 หน้า ;^c29 ซม.
500    ^a ที่ประชุมคระบดีและหัวหน้าสถาบันการศึกษาสาขาพยาบาลศาสตร์ของรัฐสังกัดคณะกรรมการการอุดมศึกษา (ทคพย.)ร่วมกับสภาการพยาบาล
650  4 ^aการพยาบาล^vการประชุม
650  4 ^aพยาบาล^vการประชุม
710 2  ^aสภาการพยาบาล
945    ^p0^l0^i031800
945    ^p0^l0^i031801
945    ^p0^l0^i031802
945    ^p0^l0^i031803
995    ^aเกษร
999 ^a ใช้งานได้ทุกระบบ
รายการนี้ยังไม่มีแท็ก
คุณยังไม่ได้ล็อกอิน คุณสามารถมีกิจกรรมร่วมกับเว็บไซต์ได้ แต่ต้องล็อกอินก่อน ::
  ล็อกอิน

รายการสื่อสารสนเทศ

ลำดับที่ ประเภท เลขเรียก/บาร์โค้ด สถานที่ สถานะ
1. วิทยาศาสตร์การแพทย์ และสุขภาพ
หนังสือสำรอง
สถานะ=หนังสือสำรอง
WY16 ป349ป ฉ.1 
  Barcode: 031800
ห้องสมุดวิทยาเขตสวรรค์ประชารักษ์
►ส่วนจัดเก็บหนังสือเก่า สปร
บนชั้น
  ขอยืม

BibComment


ยังไม่เคยถูกคอมเมนท์

คอมเมนท์ทรัพยากรรายการนี้
  คอมเมนท์: ประมวลการประชุมพ..


 Copyright 2026. Bcnsprnw @Library